Statistics for Pairs #12

Click here to take the quiz!

General Stats

  • This quiz has been taken 73 times
  • The average score is 21 of 25

Answer Stats

HintAnswer% Correct
RepublicansDemocrats
100%
ApplesOranges
100%
DosDon’ts
97%
The IliadThe Odyssey
97%
HatCoat
95%
KnifeFork
95%
Mashed potatoesGravy
95%
ChapterVerse
95%
ManBoy
93%
NamesFaces
93%
ParksRecreation
93%
WatchWait
92%
HammerNail
90%
OnOn
90%
AliveWell
90%
LeapsBounds
88%
DownDirty
83%
SavingsLoan
83%
HardFast
81%
FineDandy
80%
GrinBear it
71%
LifeLimb
66%
FifeDrum
64%
GoodnessLight
58%
BeamScales
29%

Score Distribution

Percentile by Number Answered

Percent of People with Each Score

Your Score History

You have not taken this quiz